000 00621nam a2200205Ia 4500
005 20230104114322.0
008 131103s9999 xx 000 0 und d
040 _aLoreto College
041 _aEnglish
082 _a821.7
_bKEA
245 _aSelecttion from the poems of John Keats and Percy Bysshe Shelley
_cedited by Richard Wilson
260 _aLondon
_bJ.M.Dent
_c1932
300 _a256 p.
440 _aThe kings treasuries Of Literature
650 _aEnglish Poetry
651 _a1800 - 1837 - Romantic,Keats John and Shelley,Percy Bysshe
700 _aWilson,Richard,ed.
850 _aLCLIB
942 _cBK
999 _c5911
_d56390